| 000 | 01267cam a2200289 a 4500 | ||
|---|---|---|---|
| 999 |
_c234971 _d234971 |
||
| 001 | 13599437 | ||
| 003 | Nust | ||
| 005 | 20170403204051.0 | ||
| 008 | 040520s2005 nyu 000 1 eng | ||
| 010 | _a 2004052689 | ||
| 020 | _a9780552151788 | ||
| 040 |
_aDLC _cDLC _dDLC |
||
| 050 | 0 | 0 |
_aPS3569.T33828 _bI48 2005 |
| 082 | 0 | 0 |
_a813.54 _bSTE |
| 100 | 1 | _aSteel, Danielle. | |
| 245 | 1 | 0 |
_aImpossible / _cDanielle Steel. |
| 260 |
_aNew York : _bDelacorte Press, _c2005. |
||
| 300 |
_a426 p. ; _c25 cm. |
||
| 650 | 0 |
_aArtists _vFiction. |
|
| 650 | 0 |
_aArt dealers _vFiction. |
|
| 655 | 7 |
_aLove stories. _2gsafd |
|
| 856 | 4 | 2 |
_3Contributor biographical information _uhttp://www.loc.gov/catdir/bios/random056/2004052689.html |
| 856 | 4 | 2 |
_3Publisher description _uhttp://www.loc.gov/catdir/description/random051/2004052689.html |
| 856 | 4 | 1 |
_3Sample text _uhttp://www.loc.gov/catdir/enhancements/fy0618/2004052689-s.html |
| 906 |
_a7 _bcbc _corignew _d1 _eocip _f20 _gy-gencatlg |
||
| 942 |
_2ddc _cBK |
||